000 00745nam a22002537a 4500
001 BR6006313
003 BR-BrBNA
005 20230928095628.0
007 ta
008 230509b bl.||||| |||| 00| 0 por d
040 _aBR-BrBNA
_bpor
_cBiblioteca Nacional de Agricultura
041 _a(Por)
072 _aN10; E10
090 _ N10 BR6006313
110 1 _aGrupo Executivo de Eletrificacao Rural, Brasilia, DF (Brasil)
_95474
245 1 _aRelatorio inicial. Emprestimo BID 236/SF-BR
260 3 _aBrasilia, DF (Brasil):
_c[nd].
300 _avp.
500 _aNumerical data; [ca 75]; Published after 1971
650 _aEletrificacao Rural
650 _aInstituicao Agricola
909 _a202309
_bLucia
_c55
_dLucia Elande
942 _cBK
999 _c57733
_d57733